Johnson,David E (Record no. 4512)
[ view plain ]
| 000 -LEADER | |
|---|---|
| fixed length control field | 00398nam a2200133Ia 4500 |
| 008 - FIXED-LENGTH DATA ELEMENTS--GENERAL INFORMATION | |
| fixed length control field | 151015s9999 xx 000 0 und d |
| 020 ## - INTERNATIONAL STANDARD BOOK NUMBER | |
| International Standard Book Number | 130600881 |
| 050 ## - LIBRARY OF CONGRESS CALL NUMBER | |
| Classification number | TK454 .J56 1986 |
| 245 ## - TITLE STATEMENT | |
| Title | Johnson,David E |
| 250 ## - EDITION STATEMENT | |
| Edition statement | _Basic electric circuit analysis.-3rd ed. David E. Johnson |
| 300 ## - PHYSICAL DESCRIPTION | |
| Extent | New Jersey Prentice hall 1986 |
| 650 ## - SUBJECT ADDED ENTRY--TOPICAL TERM | |
| Topical term or geographic name as entry element | _Electric circuit |
| 700 ## - ADDED ENTRY--PERSONAL NAME | |
| Personal name | ^d20130517 01:17:12^oanne |
No items available.